000 00882cab a22002055a 4500
001 L159083
008 160113e20160901xxk 000 0 eng d
035 _a(Sirsi) u159083
041 0 _aeng
100 1 _aMyers, Lewis
245 0 0 _aHappy Birthday to the L&TCA
260 _c2016
490 _aEstates Gazette
_v(1601) 9 January 2016, 50-52(3)
520 _aExamines the Landlord and Tenant (Covenants) Act 1995 on the 20th anniversary of it coming into force. Acknowledges how the Act has had a considerable impact and assesses how successful it has been in key areas such as privity of contract, landlord controls over assignment and uncertainty regarding which leasehold obligations would bind successors. Also discusses the legacy of the Act.
590 _aKA
651 4 _aUnited Kingdom
690 _aLandlord and tenant
_96252
700 1 _aThomson, E.
942 _n0
999 _c84794
_d84794